Los Infante (Record no. 9047)

MARC details
000 -CABECERA
campo de control de longitud fija 00740nam a2200229 a 4500
001 - NÚMERO DE CONTROL
campo de control BRL_234
005 - FECHA Y HORA DE LA ÚLTIMA TRANSACCIÓN
campo de control 20190320210639.0
008 - DATOS DE LONGITUD FIJA--INFORMACIÓN GENERAL
campo de control de longitud fija 240613s1969----mx-#######---#000-0#spa-#
041 ## - CÓDIGO DE LENGUA
Código de lengua del texto/banda sonora o título independiente spa
044 ## - CÓDIGO DEL PAÍS DE LA ENTIDAD EDITORA/PRODUCTORA
Código MARC del país mx
050 #4 - SIGNATURA TOPOGRÁFICA DE LA BIBLIOTECA DEL CONGRESO
Número de clasificación F1336
Número de documento/Ítem .M66 1969
100 1# - ENTRADA PRINCIPAL--NOMBRE DE PERSONA
Nombre de persona Montejano y Aguiñaga, Rafael
9 (RLIN) 23310
245 10 - MENCIÓN DE TÍTULO
Título Los Infante
Resto del título la imprenta y el grabado en San Luis Potosí
Mención de responsabilidad, etc. Rafael Montejano y Aguiñaga.
260 ## - PUBLICACIÓN, DISTRIBUCIÓN, ETC.
Lugar de publicación, distribución, etc. San Luis Potosí, S.L.P., México
Nombre del editor, distribuidor, etc. Editorial Universitaria Potosina
Fecha de publicación, distribución, etc. 1969
300 ## - DESCRIPCIÓN FÍSICA
Extensión 38 p.
Dimensiones 22 cm.
440 #0 - MENCIÓN DE SERIE/PUNTO DE ACCESO ADICIONAL--TÍTULO
Título Cuadernos de Plata
Nombre de parte o sección de la obra Letras Potosinas
Designación de volumen o secuencia 9
9 (RLIN) 23311
500 ## - NOTA GENERAL
Nota general Au78
600 14 - PUNTO DE ACCESO ADICIONAL DE MATERIA--NOMBRE DE PERSONA
Nombre de persona Familia Infante
9 (RLIN) 23312
650 14 - PUNTO DE ACCESO ADICIONAL DE MATERIA--TÉRMINO DE MATERIA
Término de materia o nombre geográfico como elemento de entrada Imprenta
Subdivisión general Historia
Subdivisión geográfica San Luis Potosí, México
9 (RLIN) 23313
902 ## - CATALOGADOR
Iniciales GRL
942 ## - ELEMENTOS DE PUNTO DE ACCESO ADICIONAL (KOHA)
Fuente del sistema de clasificación o colocación Library of Congress Classification
Tipo de ítem Koha Libros
Holdings
Estado de retiro Estado de pérdida Estado dañado No para préstamo Localización permanente Ubicación/localización actual Fecha de adquisición Número de inventario Total de préstamos Signatura topográfica completa Código de barras Fecha visto por última vez Precio válido a partir de Tipo de ítem Koha
El ejemplar forma parte de la colección y puede ser consultado según las políticas vigentes.       Biblioteca Centro de Estudios Ruth D. Lechuga Biblioteca Centro de Estudios Ruth D. Lechuga 24/06/2013 Au78   F1336 .M66 1969 (Au78) GRL00247 22/03/2019 22/03/2019 Libros